|
|
|
|
| LEADER |
00000nam0a2200000 4500 |
| 001 |
373464 |
| 005 |
20231101050738.0 |
| 035 |
|
|
|a (RuTPU)RU\TPU\retro\30894
|
| 035 |
|
|
|a RU\TPU\book\270903
|
| 090 |
|
|
|a 373464
|
| 100 |
|
|
|a 20221216d1988 k y0rusy50 ca
|
| 101 |
0 |
|
|a rus
|
| 102 |
|
|
|a RU
|
| 105 |
|
|
|a a z 001zy
|
| 200 |
1 |
|
|a Теория и практика систем информатики и программирования
|e межвузовский сборник научных трудов
|f Новосибирский государственный университет (НГУ) ; отв. ред. А. П. Ершов
|
| 210 |
|
|
|a Новосибирск
|c Изд-во НГУ
|d 1988
|
| 215 |
|
|
|a 172 с.
|c ил.
|
| 320 |
|
|
|a Библиогр. в конце статей
|
| 606 |
1 |
|
|a Вычислительные машины электронные
|x Программирование
|2 stltpush
|3 (RuTPU)RU\TPU\subj\4141
|
| 606 |
1 |
|
|a Информатика
|2 stltpush
|3 (RuTPU)RU\TPU\subj\12879
|
| 610 |
1 |
|
|a программирование
|
| 610 |
1 |
|
|a инструменты
|
| 610 |
1 |
|
|a знания
|
| 610 |
1 |
|
|a обработка
|
| 675 |
|
|
|a 681.3.06
|v 3
|
| 686 |
|
|
|a Ч23
|v LBC/SL-A
|2 rubbk
|
| 702 |
|
1 |
|a Ершов
|b А. П.
|4 340
|
| 712 |
0 |
2 |
|a Новосибирский государственный университет (НГУ)
|2 stltpush
|3 (RuTPU)RU\TPU\col\721
|
| 801 |
|
1 |
|a RU
|b 63413507
|c 20140129
|
| 801 |
|
2 |
|a RU
|b 63413507
|c 20221216
|g RCR
|
| 942 |
|
|
|c BK
|